I. Contribució al coneixement del Triáasic de Catalunya ; II. Qelcom sobre el Triáasic de la província de Tarragona / (Record no. 141182)

MARC details
000 -LEADER
campo de control de longitud fija 00922nam a2200229 i 4500
001 - NÚMERO DE CONTROL
campo de control 141182
003 - IDENTIFICADOR DE NÚMERO DE CONTROL
campo de control ES-MaACL
005 - FECHA Y HORA DE LA ÚLTIMA TRANSACCIÓN
campo de control 20251103230952.0
007 - CAMPO FIJO DE DESCRIPCIÓN FÍSICA--INFORMACIÓN GENERAL
campo de control de longitud fija t|
008 - DATOS DE LONGITUD FIJA--INFORMACIÓN GENERAL
campo de control de longitud fija 070920s1920 sp ||||1| cat d
100 1# - ENTRADA PRINCIPAL--NOMBRE DE PERSONA
Nombre de persona Wurm, A.
9 (RLIN) 117453
245 10 - MENCIÓN DEL TÍTULO
Título I. Contribució al coneixement del Triáasic de Catalunya ; II. Qelcom sobre el Triáasic de la província de Tarragona /
Mención de responsabilidad, etc. per A. Wurm ; traduït al cataláa pel Dr. M. Faura i Sans.
260 ## - PUBLICACIÓN, DISTRIBUCIÓN, ETC.
Lugar de publicación, distribución, etc. Palamós :
Nombre del editor, distribuidor, etc. Llorens Castelló,
Fecha de publicación, distribución, etc. 1920.
300 ## - DESCRIPCIÓN FÍSICA
Extensión 11 p. ;
Dimensiones 22 cm.
500 ## - NOTA GENERAL
Nota general Número monográfico de: "Butlletí de la Institució Catalana d'Histáoria Natural", octubre de 1920.
650 17 - PUNTO DE ACCESO ADICIONAL DE MATERIA--TÉRMINO DE MATERIA
Término de materia o nombre geográfico como elemento de entrada Geología
Fuente del encabezamiento o término embne
9 (RLIN) 13086
650 14 - PUNTO DE ACCESO ADICIONAL DE MATERIA--TÉRMINO DE MATERIA
Término de materia o nombre geográfico como elemento de entrada Estratigrafía-
Subdivisión general Triásico.
9 (RLIN) 12563
651 #4 - PUNTO DE ACCESO ADICIONAL DE MATERIA--NOMBRE GEOGRÁFICO
Nombre geográfico Cataluña-
Subdivisión general Historia-
Subdivisión cronológica Epoca prehistórica.
9 (RLIN) 8016
700 1# - ENTRADA AGREGADA--NOMBRE PERSONAL
Nombre de persona Faura i Sans, M.,
Fechas asociadas al nombre 1883-1941
9 (RLIN) 48954
852 ## - LOCALIZACIÓN
Ubicación ES-MaACL
Número de control de estantería 1621-F-12
Holdings
Estatus retirado Estado de pérdida Estado de daño No para préstamo Colección Biblioteca de origen Biblioteca actual Ubicación en estantería Fecha de adquisición Fuente de adquisición Total de préstamos Signatura topográfica completa Código de barras Visto por última vez Precio de reemplazo Tipo de ítem Koha
        Colección de folletos Biblioteca del Ateneo de Madrid Biblioteca del Ateneo de Madrid Depósito folletos 17/01/2008     1621-F-12 1146904 23/02/2023 23/02/2023 Folleto